Myers-Briggs Types Quiz Stats

 Plays Quiz Updated Jan 24, 2012

Score 0/8 Timer 03:00
0 Plays Today
Letter Stands for.... % Correct
IIntrovert
93.8%
EExtravert
93.2%
FFeeling
68.5%
JJudging
63.7%
TThinking
61.2%
SSensing
58.6%
PPerceiving
51.4%
NIntuitive
49.6%

You're not logged in!

Compare scores with friends on all Sporcle quizzes.
OR
Log In

Sporcle TV

Today on Sporcle TV


Watch our educational content, quiz creation guides, and fun videos on Sporcle TV.

Show Comments

Extras

Top Quizzes Today


Score Distribution

Your Account Isn't Verified!

In order to create a playlist on Sporcle, you need to verify the email address you used during registration. Go to your Sporcle Settings to finish the process.

Report this User

Report this user for behavior that violates our Community Guidelines.

Details: